Thermodynamics (Record no. 8344)

000 -LEADER
fixed length control field 00603nam a2200217 i 4500
001 - CONTROL NUMBER
control field 8344
003 - CONTROL NUMBER IDENTIFIER
control field BD-DhUET
008 - FIXED-LENGTH DATA ELEMENTS--GENERAL INFORMATION
fixed length control field 770308s1978 nyua b 001 0 eng
020 ## - INTERNATIONAL STANDARD BOOK NUMBER
International Standard Book Number 0023355301
040 ## - CATALOGING SOURCE
Original cataloging agency DLC
Transcribing agency DLC
Modifying agency BD-DhUET
082 ## - DEWEY DECIMAL CLASSIFICATION NUMBER
Classification number 621.01
Item number FAI/1970
100 ## - MAIN ENTRY--PERSONAL NAME
Personal name Faires, Virgil Moring
245 10 - TITLE STATEMENT
Title Thermodynamics
Statement of responsibility, etc. by Virgil Moring Faires and Clifford Max Simmang
250 ## - EDITION STATEMENT
Edition statement 6th ed.
260 ## - PUBLICATION, DISTRIBUTION, ETC. (IMPRINT)
Place of publication, distribution, etc. New York
Name of publisher, distributor, etc. Macmillan
Date of publication, distribution, etc. 1970
300 ## - PHYSICAL DESCRIPTION
Extent xxiii, 647 p.
Other physical details ill.
Dimensions 26 cm.
504 ## - BIBLIOGRAPHY, ETC. NOTE
Bibliography, etc Includes bibliographies
650 #0 - SUBJECT ADDED ENTRY--TOPICAL TERM
Topical term or geographic name as entry element Thermodynamics
700 ## - ADDED ENTRY--PERSONAL NAME
Personal name Simmang, Clifford Max
942 ## - ADDED ENTRY ELEMENTS (KOHA)
Koha item type General Book
Holdings
Koha item type Koha date last seen Location (home branch) Withdrawn status Shelving location Date acquired Sublocation or collection (holding branch) Koha normalized classification for sorting Copy number Source of classification or shelving scheme Not for loan Price effective from Koha full call number Damaged status Piece designation (barcode) Lost status
General Book2015-01-20Central Library, BUET Circulation section2015-01-20Central Library, BUET621_010000000000000_FAI_19781  2015-01-20621.01/FAI/1978 42943 
Rental Item2024-12-11Central Library, BUET Rental section1985-06-11Central Library, BUET621_010000000000000_FAI_1970৬/ক-১  2024-12-11621.01 FAI/1970 63135 
Rental Item2024-12-11Central Library, BUET Rental section1985-06-11Central Library, BUET621_010000000000000_FAI_1970৬/ক-২  2024-12-11621.01 FAI/1970 63136 
Rental Item2024-12-11Central Library, BUET Rental section1985-06-11Central Library, BUET621_010000000000000_FAI_1970৬/ক-৩  2024-12-11621.01 FAI/1970 63137 
Rental Item2024-12-11Central Library, BUET Rental section1985-06-11Central Library, BUET621_010000000000000_FAI_1970৬/ক-৪  2024-12-11621.01 FAI/1970 63138 
Rental Item2024-12-11Central Library, BUET Rental section1985-06-11Central Library, BUET621_010000000000000_FAI_1970৬/ক-৫  2024-12-11621.01 FAI/1970 63139 
Rental Item2024-12-11Central Library, BUET Rental section1985-06-11Central Library, BUET621_010000000000000_FAI_1970৬/ক-৬  2024-12-11621.01 FAI/1970 63140 
Rental Item2024-12-11Central Library, BUET Rental section1985-06-11Central Library, BUET621_010000000000000_FAI_1970৬/ক-৭  2024-12-11621.01 FAI/1970 63141 
Rental Item2024-12-11Central Library, BUET Rental section1985-06-11Central Library, BUET621_010000000000000_FAI_1970৬/ক-৮  2024-12-11621.01 FAI/1970 63142 
Rental Item2024-12-11Central Library, BUET Rental section1985-06-11Central Library, BUET621_010000000000000_FAI_1970৬/ক-৯  2024-12-11621.01 FAI/1970 63143 
Rental Item2024-12-11Central Library, BUET Rental section1985-06-11Central Library, BUET621_010000000000000_FAI_1970৬/ক-১০  2024-12-11621.01 FAI/1970 63144 
Rental Item2024-12-11Central Library, BUET Rental section1985-06-11Central Library, BUET621_010000000000000_FAI_1970৬/ক-১১  2024-12-11621.01 FAI/1970 63145 
Rental Item2024-12-11Central Library, BUET Rental section1985-06-11Central Library, BUET621_010000000000000_FAI_1970৬/ক-১২  2024-12-11621.01 FAI/1970 63146 
Rental Item2024-12-11Central Library, BUET Rental section1985-06-11Central Library, BUET621_010000000000000_FAI_1970৬/ক-১৩  2024-12-11621.01 FAI/1970 63147 
Rental Item2024-12-11Central Library, BUET Rental section1985-06-11Central Library, BUET621_010000000000000_FAI_1970৬/ক-১৪  2024-12-11621.01 FAI/1970 63148 
Rental Item2024-12-11Central Library, BUET Rental section1985-06-11Central Library, BUET621_010000000000000_FAI_1970৬/ক-১৫  2024-12-11621.01 FAI/1970 63149 
Rental Item2024-12-11Central Library, BUET Rental section1985-06-11Central Library, BUET621_010000000000000_FAI_1970৬/ক-১৬  2024-12-11621.01 FAI/1970 63150 
Rental Item2024-12-11Central Library, BUET Rental section1985-06-11Central Library, BUET621_010000000000000_FAI_1970৬/ক-১৭  2024-12-11621.01 FAI/1970 63151 
Rental Item2024-12-11Central Library, BUET Rental section1985-06-11Central Library, BUET621_010000000000000_FAI_1970৬/ক-১৮  2024-12-11621.01 FAI/1970 63152 
Rental Item2024-12-11Central Library, BUET Rental section1985-06-11Central Library, BUET621_010000000000000_FAI_1970৬/ক-১৯  2024-12-11621.01 FAI/1970 63153 
Rental Item2024-12-11Central Library, BUET Rental section1985-06-11Central Library, BUET621_010000000000000_FAI_1970৬/ক-২০  2024-12-11621.01 FAI/1970 63154